000 01064nam a2200241Ia 4500
005 20240627073504.0
008 130821s1996 enka gr eng
020 _a0748404651
020 _a07484 0466X
040 _aCo-BoUCM
_bspa
_cDavid Moreno (modificó)
_dDavid Moreno (modificó)
041 0 0 _aeng
245 0 0 _aComputational psycholinguistics AI and connectionist models of human language processing
_cTon Dijkstra y Koenraad de Smedt, editores
260 _aLondres (Inglaterra)
_bTaylor & Francis Ltd.
_c1996
300 _axv, 437 Páginas
_bilustraciones
650 _aLingüística aplicada
_9439
_xProcesamiento del lenguaje humano
650 _aModelos lingüísticos
_xProcesamiento de datos
_9169334
650 _aPsicolingüística computacional
_xModelos conexionistas
_9169335
650 _aInteligencia artificial
_xSimulación computacional del lenguaje
_9181589
700 1 _aDijkstra, Ton.
_9169336
700 1 _aSmedt, Koenraad de.
_9169337
942 _cLIBRO
_a12
_e1
_mC738
_2DEWEY
_h005.019
_n0
999 _c75905
_d75905